Malaria : (Record no. 973)

MARC details
000 -LEADER
fixed length control field 01239pam a2200313 a 4500
001 - CONTROL NUMBER
control field 562612
003 - CONTROL NUMBER IDENTIFIER
control field OSt
005 - DATE AND TIME OF LATEST TRANSACTION
control field 20160607192519.0
008 - FIXED-LENGTH DATA ELEMENTS--GENERAL INFORMATION
fixed length control field 890104s1991 enka b 001 0 eng c
010 ## - LIBRARY OF CONGRESS CONTROL NUMBER
LC control number 89002848
020 ## - INTERNATIONAL STANDARD BOOK NUMBER
International Standard Book Number 0198547420 :
Terms of availability $13.50 (U.S.)
040 ## - CATALOGING SOURCE
Original cataloging agency DNLM/DLC
Transcribing agency DLC
Modifying agency DLC
050 00 - LIBRARY OF CONGRESS CALL NUMBER
Classification number RC156
Item number .M375 1989
060 ## - NATIONAL LIBRARY OF MEDICINE CALL NUMBER
Classification number WC 17 M237
082 00 - DEWEY DECIMAL CLASSIFICATION NUMBER
Classification number WC 17 K738m 1991
Edition number 19
100 ## - MAIN ENTRY--PERSONAL NAME
Personal name Edited by Knell A.J.
9 (RLIN) 9274
245 00 - TITLE STATEMENT
Title Malaria :
Remainder of title a publication of the tropical programme of the Wellcome Trust /
250 ## - EDITION STATEMENT
Edition statement Oxford University Press, 1991
300 ## - PHYSICAL DESCRIPTION
Extent 89, [1] :
Other physical details col.ii
Dimensions 28 cm.
500 ## - GENERAL NOTE
General note "Derived from the Malaria Exhibition compiled and created in the Wellcome Tropical Institute, and displayed there in 1987 and 1988"--Pref.
504 ## - BIBLIOGRAPHY, ETC. NOTE
Bibliography, etc Includes bibliographical references (p. [90]) and index.
650 #0 - SUBJECT ADDED ENTRY--TOPICAL TERM
Topical term or geographic name as entry element Malaria
General subdivision Popular works.
9 (RLIN) 2611
650 #0 - SUBJECT ADDED ENTRY--TOPICAL TERM
Topical term or geographic name as entry element Community health
9 (RLIN) 2612
856 42 - ELECTRONIC LOCATION AND ACCESS
Materials specified Publisher description
Uniform Resource Identifier http://www.loc.gov/catdir/enhancements/fy0635/89002848-d.html
856 41 - ELECTRONIC LOCATION AND ACCESS
Materials specified Table of contents only
Uniform Resource Identifier http://www.loc.gov/catdir/enhancements/fy0635/89002848-t.html
906 ## - LOCAL DATA ELEMENT F, LDF (RLIN)
a 7
b cbc
c orignew
d 1
e ocip
f 19
g y-gencatlg
942 ## - ADDED ENTRY ELEMENTS (KOHA)
Source of classification or shelving scheme Other/Generic Classification Scheme
Koha item type Short Loan
Holdings
Withdrawn status Lost status Source of classification or shelving scheme Damaged status Not for loan Home library Current library Date acquired Source of acquisition Inventory number Total Checkouts Full call number Barcode Date last seen Koha item type
    Other/Generic Classification Scheme     MUST Main Library MUST Main Library 21/01/2015   93/6898   WC 17 M738k 1991 2015-0216 21/01/2015 Short Loan
    Other/Generic Classification Scheme     MUST Main Library MUST Main Library 21/01/2015   97/11214   WC 17 M738k 1991 2015-0217 21/01/2015 Short Loan
    Other/Generic Classification Scheme     MUST Main Library MUST Main Library 07/06/2016   97/11213   WC 17 K738m 1991 2016-2363 07/06/2016 Open Shelf